000 00533nam a2200193Ia 4500
999 _c3571
_d3571
003 OSt
005 20200812110127.0
008 190216s9999||||xx |||||||||||||| ||und||
020 _a9788177587395
040 _coclc
082 _a547
_bWAD/O
100 _aWade, L G
_94062
245 0 _aOrganic Chemistry /
_cL G Wade ; M S Singh
250 _a6th Ed.
260 _bPearson Education Asia,
_c2013.
_aNew Delhi:
300 _a1173p
650 _aOrganic Chemistry
942 _cBK
_2ddc
_h547
_iWAD/O
_k547
_mWAD/O